[Event "Lalevitch 2011"]
[Site "CRELEL"]
[Date "2011.09.02"]
[Round "1"]
[White "Sferruggia, Serge"]
[Black "Hautot, Stephane"]
[Result "0-1"]
[WhiteElo "1534"]
[BlackElo "2429"]
[PlyCount "36"]
[EventDate "2011.??.??"]

1. e4 c5 2. Nf3 d6 3. d4 cxd4 4. Nxd4 Nf6 5. Nc3 e6 6. Be2 Be7 7. O-O O-O 8.
Kh1 Nc6 9. f4 Qc7 10. Ndb5 Qb8 11. g4 a6 12. Nd4 Nxd4 13. Qxd4 b5 14. Bf3 b4
15. g5 bxc3 16. gxf6 Bxf6 17. e5 dxe5 18. Qxc3 e4 0-1

[Event "Lalevitch 2011"]
[Site "CRELEL"]
[Date "2011.10.21"]
[Round "6"]
[White "Evrard, Jean-Marie"]
[Black "Houben, Gerard"]
[Result "0-1"]
[WhiteElo "1150"]
[BlackElo "1448"]
[PlyCount "107"]
[EventDate "2011.??.??"]

1. c4 Nf6 2. Nf3 c5 3. Nc3 e6 4. e4 d6 5. d4 cxd4 6. Nxd4 Be7 7. Nf3 h6 8. e5
dxe5 9. Qxd8+ Bxd8 10. Nxe5 O-O 11. Be2 Bc7 12. Ng4 Nxg4 13. Bxg4 Nc6 14. O-O
Ne5 15. Be2 Bd7 16. f4 Ng6 17. b3 Bc6 18. Be3 b6 19. a4 f5 20. Bh5 Ne7 21. Ne2
e5 22. b4 Be4 23. Bf3 Bxf3 24. Rxf3 Nc6 25. b5 Na5 26. Rc1 Bd6 27. c5 bxc5 28.
Bxc5 Bxc5+ 29. Rxc5 e4 30. Rg3 Rac8 31. Re5 Nc4 32. Re7 Rf7 33. Rxf7 Kxf7 34.
Rc3 Ke7 35. Nd4 Kf6 36. Nc2 Nb6 37. Rxc8 Nxc8 38. a5 Ke6 39. Nd4+ Kf6 40. h4 h5
41. g3 g6 42. Kf2 Ke7 43. Nb3 Kd6 44. Ke3 Kd5 45. Nd4 Kc4 46. Nc6 Kxb5 47. Ne5
Ne7 48. Kd4 Kxa5 49. Nc4+ Kb5 50. Nd6+ Kb4 51. Ke3 a5 52. Nb7 a4 53. Nd8 a3 54.
Nc6+ 0-1

[Event "Lalevitch 2011"]
[Site "CRELEL"]
[Date "2011.10.07"]
[Round "4"]
[White "Dans, Guy"]
[Black "Iafelice, Luigi"]
[Result "0-1"]
[WhiteElo "1428"]
[BlackElo "1735"]
[PlyCount "58"]
[EventDate "2011.??.??"]

1. e4 e5 2. Nf3 Nc6 3. d4 exd4 4. Nxd4 Bc5 5. Be3 Qf6 6. c3 Nge7 7. b4 Bxd4 8.
Bxd4 Nxd4 9. cxd4 Nc6 10. e5 Qf4 11. Qd2 Qxd4 12. Qxd4 Nxd4 13. Bd3 Nc6 14. f4
Nxb4 15. Ke2 Nxd3 16. Kxd3 O-O 17. Nc3 d6 18. exd6 Rd8 19. Kc4 cxd6 20. Nd5 Be6
21. Rhf1 Rac8+ 22. Kd4 Rc5 23. Ne3 f5 24. Rac1 Rdc8 25. Rxc5 dxc5+ 26. Ke5 Re8
27. Kd6 b6 28. Nd5 Bxd5 29. Kxd5 Re2 0-1

[Event "Lalevitch 2011"]
[Site "CRELEL"]
[Date "2011.09.16"]
[Round "2"]
[White "Hautot, Stephane"]
[Black "Iafelice, Luigi"]
[Result "1-0"]
[WhiteElo "2429"]
[BlackElo "1735"]
[PlyCount "33"]
[EventDate "2011.??.??"]

1. e4 e5 2. d4 exd4 3. Nf3 Nc6 4. Bc4 Nf6 5. e5 d5 6. Bb5 Ne4 7. Nxd4 Bd7 8.
Bxc6 bxc6 9. O-O Be7 10. f3 Ng5 11. f4 Ne4 12. f5 Bc5 13. Nc3 Nxc3 14. bxc3 Qe7
15. e6 fxe6 16. Qh5+ Kd8 17. Bg5 1-0

[Event "Lalevitch 2011"]
[Site "CRELEL"]
[Date "2011.09.16"]
[Round "2"]
[White "Champt, Victor"]
[Black "Joassin, Stephane"]
[Result "0-1"]
[WhiteElo "1576"]
[BlackElo "1762"]
[PlyCount "55"]
[EventDate "2011.??.??"]

1. e4 c5 2. Nc3 Nc6 3. g3 g6 4. Bg2 Bg7 5. d3 Nf6 6. Nge2 O-O 7. O-O d6 8. h3
Bd7 9. f4 Rb8 10. Nd5 Nxd5 11. exd5 Nd4 12. c3 Nf5 13. Kh2 b5 14. Rb1 b4 15. c4
Qa5 16. Ra1 Rb6 17. Qe1 Ra6 18. g4 Nh6 19. Ng3 Qd8 20. Rf2 Bxg4 21. hxg4 Nxg4+
22. Kh1 Nxf2+ 23. Qxf2 Bd4 24. Qd2 e5 25. fxe5 Qh4+ 26. Bh3 Qxh3+ 27. Qh2 Qxh2+
28. Kxh2 0-1

[Event "Lalevitch 2011"]
[Site "CRELEL"]
[Date "2011.10.07"]
[Round "4"]
[White "Nauts, Patrick"]
[Black "Joassin, Stephane"]
[Result "1-0"]
[WhiteElo "2092"]
[BlackElo "1762"]
[PlyCount "119"]
[EventDate "2011.??.??"]

1. e4 c5 2. Nf3 d6 3. Bb5+ Bd7 4. Bxd7+ Qxd7 5. O-O g6 6. c4 Bg7 7. Nc3 e6 8.
d4 cxd4 9. Nxd4 Nc6 10. Be3 a6 11. f3 Nge7 12. Qd2 O-O 13. Rad1 Rfd8 14. Nde2
Qc7 15. Rc1 Qa5 16. Nd4 Ne5 17. b3 N7c6 18. Rfd1 Rac8 19. Qf2 Nb4 20. Qe2 Nec6
21. Kh1 Qh5 22. Nxc6 Nxc6 23. Bb6 Rd7 24. Na4 Be5 25. g4 Qh3 26. Qg2 Qxg2+ 27.
Kxg2 Ne7 28. Be3 Rc6 29. f4 Bg7 30. Nb6 Rdc7 31. Kf3 Nc8 32. Nxc8 Rxc8 33. a4
Kf8 34. a5 Ke7 35. Rd3 Bh8 36. Rcd1 Bg7 37. e5 Rd8 38. exd6+ Kd7 39. h4 Rh8 40.
c5 h5 41. g5 Re8 42. b4 e5 43. fxe5 Rxe5 44. Rd5 Re6 45. Bd4 Bf8 46. Re5 Rc8
47. Rxe6 fxe6 48. Bf6 Rc6 49. Ke4 Rc8 50. Be5 Rd8 51. Rb1 Kc6 52. Kd4 Rd7 53.
Rf1 Bg7 54. Bxg7 Rxg7 55. Rf8 Kd7 56. Rb8 Kc6 57. Rc8+ Kb5 58. Rc7 Rg8 59.
Rxb7+ Kc6 60. Rb6+ 1-0

[Event "Lalevitch 2011"]
[Site "CRELEL"]
[Date "2011.10.28"]
[Round "7"]
[White "Demblon, Jean-Luc"]
[Black "Jortay, Olivier"]
[Result "1-0"]
[WhiteElo "1671"]
[BlackElo "1494"]
[PlyCount "87"]
[EventDate "2011.??.??"]

1. e4 e6 2. d4 d5 3. exd5 exd5 4. Nf3 Nf6 5. Nc3 Nc6 6. Bd3 Qe7+ 7. Be2 Bf5 8.
a3 O-O-O 9. O-O Qd7 10. b4 Ne4 11. Bb2 Nxc3 12. Bxc3 a6 13. b5 axb5 14. Bxb5
Qe6 15. Re1 Qh6 16. Bd2 Qd6 17. c3 f6 18. Qa4 Nb8 19. Qb3 c6 20. Bf1 g5 21. c4
Bg7 22. Bb4 Qc7 23. cxd5 Rxd5 24. Bc4 Rd7 25. Rac1 Rhd8 26. Bc5 Qf4 27. g3 Qg4
28. Bf1 Be4 29. Bg2 Bd5 30. Qc3 f5 31. h3 Qh5 32. Ne5 Bxe5 33. Rxe5 Bxg2 34.
Kxg2 Qf7 35. Qf3 Rd5 36. Rce1 Rxe5 37. Rxe5 Rd5 38. Re7 Qg6 39. Qe3 f4 40. Re8+
Rd8 41. Rxd8+ Kxd8 42. Qe7+ Kc8 43. Bb6 f3+ 44. Kh2 1-0

[Event "Lalevitch 2011"]
[Site "CRELEL"]
[Date "2011.09.02"]
[Round "1"]
[White "Gillain, Christophe"]
[Black "Jortay, Olivier"]
[Result "0-1"]
[WhiteElo "2110"]
[BlackElo "1494"]
[PlyCount "83"]
[EventDate "2011.??.??"]

1. d4 d6 2. c4 Nf6 3. Nc3 g6 4. e4 Bg7 5. Nf3 O-O 6. Be2 c6 7. O-O b6 8. Ne1 e5
9. d5 cxd5 10. Nxd5 Nxe4 11. Bf3 Nc5 12. Nxb6 e4 13. Nxc8 Qxc8 14. Qd5 Qc6 15.
Be2 Qxd5 16. cxd5 Nbd7 17. Rb1 Nf6 18. Bb5 Rac8 19. Bc6 Ncd7 20. Nc2 Ne5 21.
Nd4 Nxc6 22. Nxc6 Nxd5 23. Nxa7 Rc7 24. Nb5 Be5 25. Rd1 Rfc8 26. Bh6 Rc5 27. a4
Bxb2 28. Nxd6 Nc3 29. Nxe4 Nxd1 30. Nxc5 Rxc5 31. Rxd1 f5 32. g3 Kf7 33. Rd7+
Ke6 34. Rxh7 Bf6 35. Ra7 Rc6 36. Be3 Be5 37. a5 Bc3 38. Bb6 Kd5 39. Rb7 Rc8 40.
a6 Kc6 41. Be3 Ba5 42. Rg7 0-1

[Event "Lalevitch 2011"]
[Site "CRELEL"]
[Date "2011.12.02"]
[Round "9"]
[White "Kuypers, Raoul"]
[Black "Jortay, Olivier"]
[Result "1-0"]
[WhiteElo "1316"]
[BlackElo "1494"]
[PlyCount "75"]
[EventDate "2011.??.??"]

1. e4 d6 2. d4 Nf6 3. Nc3 g6 4. Nf3 Bg7 5. Bd2 O-O 6. Bd3 Nbd7 7. O-O e5 8. d5
b6 9. b4 Bb7 10. a4 c6 11. dxc6 Bxc6 12. b5 Bb7 13. h3 Nc5 14. Qe2 Re8 15. Kh1
d5 16. Bg5 dxe4 17. Nxe4 Nxd3 18. cxd3 h6 19. Bxf6 Bxf6 20. g4 Bg7 21. Rg1 Rc8
22. Rg3 Rc7 23. Rd1 Rd7 24. Ne1 f5 25. gxf5 gxf5 26. Qh5 fxe4 27. Kh2 Re6 28.
Qg4 Qf6 29. f3 Ree7 30. fxe4 Rf7 31. Rf3 Qe7 32. Rg3 Rf2+ 33. Ng2 Qf7 34. Kg1
Qf8 35. Qxd7 Bc8 36. Qxa7 Qf6 37. Qc7 Qf7 38. Qxc8+ 1-0

[Event "Lalevitch 2011"]
[Site "CRELEL"]
[Date "2011.10.14"]
[Round "5"]
[White "Nottet, Tristan"]
[Black "Jortay, Olivier"]
[Result "1-0"]
[WhiteElo "1689"]
[BlackElo "1494"]
[PlyCount "65"]
[EventDate "2011.??.??"]

1. e4 d6 2. d4 Nf6 3. Nc3 g6 4. Bg5 Bg7 5. f4 Bg4 6. Qd2 h6 7. Bh4 Nfd7 8. h3
Bh5 9. g4 g5 10. fxg5 hxg5 11. Bxg5 Bg6 12. Bg2 f6 13. e5 c6 14. exf6 Nxf6 15.
Nge2 Qa5 16. O-O-O d5 17. Nf4 Bf7 18. Rde1 Nbd7 19. Ne6 Bxe6 20. Rxe6 Nf8 21.
Re2 e6 22. Rhe1 Kd7 23. Qf4 Qd8 24. h4 Qe7 25. Bh3 Ng6 26. Qf2 Raf8 27. Rxe6
Qxe6 28. Rxe6 Kxe6 29. Bxf6 Bh6+ 30. Kd1 Nf4 31. Bxh8 Nxh3 32. Qe2+ Kd7 33. g5
1-0

[Event "Lalevitch 2011"]
[Site "CRELEL"]
[Date "2011.10.14"]
[Round "5"]
[White "Lecoq, Eric"]
[Black "Krzewinski, Fabien"]
[Result "0-1"]
[WhiteElo "1843"]
[BlackElo "1994"]
[PlyCount "64"]
[EventDate "2011.??.??"]

1. e4 c5 2. Nf3 Nc6 3. d4 cxd4 4. Nxd4 Nf6 5. Nc3 e5 6. Ndb5 d6 7. Bg5 a6 8.
Na3 b5 9. Nd5 Be7 10. Bxf6 Bxf6 11. c3 Bg5 12. Nc2 O-O 13. a4 bxa4 14. Rxa4 a5
15. Bc4 Rb8 16. b3 Kh8 17. O-O g6 18. Nce3 f5 19. exf5 gxf5 20. Qh5 e4 21. h4
Bxe3 22. fxe3 Ne5 23. Nf4 Bd7 24. Ra2 a4 25. Ne6 Qe7 26. Nxf8 Qxf8 27. Bd5 Rb5
28. Bxe4 axb3 29. Ra8 Rb8 30. Bxf5 Bxf5 31. Qxf5 Qe8 32. Qf6+ Kg8 0-1

[Event "Lalevitch 2011"]
[Site "CRELEL"]
[Date "2011.09.30"]
[Round "3"]
[White "Gerard, Olivier"]
[Black "Kuypers, Raoul"]
[Result "0-1"]
[WhiteElo "1150"]
[BlackElo "1316"]
[PlyCount "130"]
[EventDate "2011.??.??"]

1. d4 d5 2. c4 e6 3. e3 Nf6 4. Nc3 Be7 5. Nf3 Nc6 6. Bd3 h6 7. e4 dxc4 8. Bxc4
Bb4 9. O-O Bxc3 10. bxc3 Nxe4 11. Qd3 Nf6 12. Bf4 O-O 13. Ne5 Ne7 14. Rad1 b6
15. Qf3 Rb8 16. Nc6 Nxc6 17. Qxc6 Bd7 18. Qf3 Rc8 19. Qg3 Nh5 20. Qe3 Nxf4 21.
Qxf4 c5 22. Bd3 f5 23. Bc4 b5 24. Be2 c4 25. d5 Qf6 26. dxe6 Bxe6 27. Rd6 g5
28. Qd2 Rcd8 29. Rd1 Rxd6 30. Qxd6 g4 31. f3 h5 32. Qc6 Kf7 33. Qb7+ Qe7 34.
Qxb5 gxf3 35. Bxf3 h4 36. Bh5+ Kg7 37. Qe5+ Kh6 38. Bf3 Qf6 39. Qf4+ Kg7 40.
Qc7+ Rf7 41. Qf4 h3 42. Qg3+ Kf8 43. Qb8+ Kg7 44. Qg3+ Kh8 45. Qxh3+ Rh7 46.
Qg3 f4 47. Qe1 Re7 48. Rd8+ Kg7 49. Rd4 Bf5 50. Be4 f3 51. Qg3+ Kf8 52. Qxf3
Rf7 53. Bd5 Re7 54. Rf4 Qb6+ 55. Rd4 Qb1+ 56. Kf2 Qxa2+ 57. Kg3 Qc2 58. Bxc4
Rg7+ 59. Kf4 Rxg2 60. Rd8+ Kg7 61. Qb7+ Kh6 62. Rd6+ Bg6 63. Bd3 Qf2+ 64. Qf3
Qh4+ 65. Ke3 Qe7+ 0-1

[Event "Lalevitch 2011"]
[Site "CRELEL"]
[Date "2011.10.14"]
[Round "5"]
[White "Moch, Jean"]
[Black "Kuypers, Raoul"]
[Result "0-1"]
[WhiteElo "1221"]
[BlackElo "1316"]
[PlyCount "80"]
[EventDate "2011.??.??"]

1. d4 d5 2. c4 e6 3. Nc3 Nf6 4. Bg5 Be7 5. Nf3 Nc6 6. cxd5 exd5 7. e3 h6 8.
Bxf6 Bxf6 9. h3 a6 10. Bd3 Qd6 11. a3 Be6 12. O-O Ne7 13. e4 Qb6 14. Rb1 dxe4
15. Nxe4 O-O-O 16. Nc5 Bxd4 17. Nxd4 Rxd4 18. Nxe6 Qxe6 19. Qf3 Rhd8 20. Rfe1
Qd6 21. Be4 Nd5 22. Rbd1 Rxd1 23. Rxd1 c6 24. Qxf7 Qe7 25. Qf5+ Kb8 26. b4 Rf8
27. Qg4 Rf4 28. Qg3 Qxe4 29. Qxg7 Qe2 30. Rf1 h5 31. Qa1 Re4 32. b5 cxb5 33.
Qc1 Rc4 34. Qg5 Nc3 35. a4 Nxa4 36. Qf6 b4 37. Qd8+ Ka7 38. Qa5 b3 39. Re1 Qc2
40. Qxh5 b2 0-1

[Event "Lalevitch 2011"]
[Site "CRELEL"]
[Date "2011.10.14"]
[Round "5"]
[White "Demblon, Jean-Luc"]
[Black "Laouar, Hassen"]
[Result "1-0"]
[WhiteElo "1671"]
[BlackElo "1450"]
[PlyCount "120"]
[EventDate "2011.??.??"]

1. e4 e5 2. Nf3 d6 3. Bc4 Nc6 4. Nc3 Na5 5. Be2 Be7 6. d4 Nf6 7. dxe5 dxe5 8.
Qxd8+ Bxd8 9. Nxe5 O-O 10. Nf3 Nc6 11. Be3 Re8 12. Bd3 Ne5 13. Nxe5 Rxe5 14.
O-O-O c6 15. f4 Re8 16. h3 Nh5 17. g4 Nf6 18. g5 Nh5 19. Be2 Ng3 20. Rhg1 Nxe2+
21. Nxe2 Bxh3 22. Rg3 Be6 23. f5 Bxa2 24. b3 Rxe4 25. Nc3 Re5 26. Rf3 Bb6 27.
Bd2 Ra5 28. Kb2 Bd4 29. Rh1 Re5 30. Kxa2 Rae8 31. Rd1 f6 32. gxf6 gxf6 33. Bh6
Bxc3 34. Rxc3 Kf7 35. Rg3 Rxf5 36. Rg7+ Ke6 37. Rxb7 Re7 38. Rb8 Rd5 39. Rg1
Red7 40. Kb2 Rh5 41. Be3 Rh3 42. Re1 Kf7 43. Bc5 Rh5 44. b4 a5 45. Kb3 Rh3+ 46.
c3 axb4 47. Bxb4 f5 48. Rf8+ Kg6 49. Rg1+ Kh6 50. Rxf5 Rb7 51. Rf6+ Kh5 52.
Rxc6 h6 53. Rgg6 Rf3 54. Rxh6+ Kg4 55. Rhg6+ Kf4 56. Rgf6+ Ke3 57. Rxf3+ Kxf3
58. Rd6 Ke4 59. c4 Ke5 60. Rd8 Ke6 1-0

[Event "Lalevitch 2011"]
[Site "CRELEL"]
[Date "2011.10.07"]
[Round "4"]
[White "Lievens, Robert"]
[Black "Lecoq, Eric"]
[Result "0-1"]
[WhiteElo "1608"]
[BlackElo "1843"]
[PlyCount "92"]
[EventDate "2011.??.??"]

1. e4 c5 2. Nf3 e6 3. Nc3 a6 4. d4 cxd4 5. Nxd4 Qc7 6. Bd3 Nf6 7. Bg5 Be7 8.
Qd2 d6 9. O-O Nbd7 10. Rfe1 b5 11. Nce2 Bb7 12. Ng3 h6 13. Be3 Ne5 14. Rac1 Nc4
15. Qc3 Rc8 16. b3 Nxe3 17. Qxc7 Rxc7 18. Rxe3 Nd7 19. Rf1 Ne5 20. f4 Nxd3 21.
cxd3 O-O 22. Ref3 Rfc8 23. Rd1 g6 24. Rff1 e5 25. Nde2 Rc2 26. fxe5 dxe5 27.
Rc1 Bg5 28. Rxc2 Rxc2 29. a4 Be3+ 30. Kh1 b4 31. Rf3 Ba7 32. Rf1 Be3 33. Rf3
Bg5 34. h3 Rd2 35. Kg1 Bc8 36. Kf2 Be6 37. Nf1 Rb2 38. Ne3 Bxe3+ 39. Kxe3 Bxb3
40. Rf6 Be6 41. Rf1 Ra2 42. Rc1 Rxa4 43. Rc5 b3 44. Nc3 Ra1 45. Rxe5 b2 46. Kd4
Rc1 0-1

[Event "Lalevitch 2011"]
[Site "CRELEL"]
[Date "2011.10.21"]
[Round "6"]
[White "Szigetvari, Andre"]
[Black "Lecoq, Eric"]
[Result "1/2-1/2"]
[WhiteElo "1672"]
[BlackElo "1843"]
[PlyCount "55"]
[EventDate "2011.??.??"]

1. e4 c5 2. Nc3 e6 3. g3 Nc6 4. Bg2 g6 5. d3 Bg7 6. Be3 d6 7. Qd2 h6 8. Nge2
Nge7 9. O-O Nd4 10. Nc1 Nec6 11. Nd1 e5 12. f4 f6 13. c3 Ne6 14. f5 Nf8 15.
fxg6 Nxg6 16. Ne2 h5 17. h3 O-O 18. Bh6 Qe8 19. Bxg7 Kxg7 20. Ne3 Nce7 21. Rf2
Nh8 22. Raf1 Be6 23. b3 Rd8 24. d4 b6 25. Kh2 Qg6 26. Ng1 f5 27. exf5 Nxf5 28.
Nxf5+ 1/2-1/2

[Event "Lalevitch 2011"]
[Site "CRELEL"]
[Date "2011.10.14"]
[Round "5"]
[White "Thirion, Christian"]
[Black "Leurquin, Benjamin"]
[Result "0-1"]
[WhiteElo "1265"]
[BlackElo "1639"]
[PlyCount "50"]
[EventDate "2011.??.??"]

1. e4 e5 2. Nf3 Nc6 3. d4 exd4 4. Nxd4 Nf6 5. Nxc6 bxc6 6. e5 Qe7 7. Qe2 Nd5 8.
c4 Ba6 9. Bd2 O-O-O 10. Qf3 Qxe5+ 11. Be2 Bxc4 12. Nc3 Re8 13. O-O Bxe2 14.
Nxe2 Qxe2 15. Qxe2 Rxe2 16. Bc3 Bc5 17. Bxg7 Rg8 18. Bc3 Ne3 19. g3 Nxf1 20.
Rxf1 f5 21. a3 f4 22. b4 Bb6 23. a4 fxg3 24. hxg3 Rxg3+ 25. Kh2 Rxc3 0-1

[Event "Lalevitch 2011"]
[Site "CRELEL"]
[Date "2011.10.28"]
[Round "7"]
[White "Kuypers, Raoul"]
[Black "Lievens, Robert"]
[Result "0-1"]
[WhiteElo "1316"]
[BlackElo "1608"]
[PlyCount "29"]
[EventDate "2011.??.??"]

1. e4 e5 2. Nf3 Nc6 3. Nc3 d6 4. Bc4 Be6 5. Be2 Nf6 6. d3 Qd7 7. h3 h6 8. O-O
g5 9. Nh2 O-O-O 10. Be3 Kb8 11. a3 d5 12. exd5 Nxd5 13. Ne4 f5 14. Nc5 Bxc5 15.
Bxc5 0-1

[Event "Lalevitch 2011"]
[Site "CRELEL"]
[Date "2011.12.02"]
[Round "9"]
[White "Pitz, Luc"]
[Black "Lievens, Robert"]
[Result "1-0"]
[WhiteElo "1441"]
[BlackElo "1608"]
[PlyCount "57"]
[EventDate "2011.??.??"]

1. e4 c5 2. Nf3 Nc6 3. d4 cxd4 4. c3 dxc3 5. Nxc3 g6 6. Bc4 Bg7 7. Ng5 e6 8.
Qd6 Qe7 9. Nb5 Qxd6 10. Nxd6+ Kf8 11. Ngxf7 Ne5 12. Nxh8 Bxh8 13. Bb3 Nd3+ 14.
Ke2 Nc5 15. Bc4 b6 16. Rb1 Nf6 17. Bh6+ Ke7 18. Nxc8+ Rxc8 19. Bg5 Ncxe4 20.
Bxf6+ Bxf6 21. Bd3 Ng5 22. Rhc1 Rxc1 23. Rxc1 Bxb2 24. Rc7 Kd6 25. Rxa7 Kc6 26.
Ra4 d5 27. Rg4 Bf6 28. h4 Nf7 29. Rf4 1-0

[Event "Lalevitch 2011"]
[Site "CRELEL"]
[Date "2011.10.14"]
[Round "5"]
[White "Wilket, Andre"]
[Black "Lievens, Robert"]
[Result "0-1"]
[WhiteElo "1449"]
[BlackElo "1608"]
[PlyCount "121"]
[EventDate "2011.??.??"]

1. d4 d5 2. c4 c6 3. cxd5 cxd5 4. Nf3 Nc6 5. Nc3 e6 6. a3 g6 7. Bf4 Bg7 8. e3
a6 9. Bd3 Nge7 10. b4 O-O 11. O-O b5 12. Qc2 Bb7 13. Rfd1 Rc8 14. Qd2 Qb6 15.
Rac1 Rfd8 16. Rc2 Nf5 17. Bxf5 exf5 18. Rdc1 Ne7 19. Ne5 f6 20. Nd3 g5 21. Bg3
Ng6 22. Nc5 h5 23. h3 h4 24. Bh2 Ne7 25. Ne2 Kf7 26. Nxb7 Qxb7 27. Rc7 Rxc7 28.
Rxc7 Qb6 29. Qc3 Qe6 30. Qc5 Bf8 31. Ra7 Kg6 32. Qc2 Rc8 33. Rc7 Rxc7 34. Qxc7
Qc6 35. Qxc6 Nxc6 36. Nc3 a5 37. bxa5 b4 38. axb4 Bxb4 39. Nxd5 Bxa5 40. Bc7
Bd2 41. Kf1 Kf7 42. Ke2 Bc1 43. Kd3 Ke6 44. Kc4 Bd2 45. f3 Be1 46. Kc5 Na7 47.
Bd8 Bg3 48. Bxf6 Bd6+ 49. Kc4 Nc6 50. e4 Na5+ 51. Kd3 fxe4+ 52. fxe4 Bf4 53.
Bd8 Nc6 54. Bc7 Bc1 55. Bb6 Ba3 56. Bc5 Bc1 57. Nc3 Kf6 58. Ne2 Bf4 59. Nxf4
gxf4 60. Ke2 Kg5 61. Kf3 0-1

[Event "Lalevitch 2011"]
[Site "CRELEL"]
[Date "2011.09.16"]
[Round "2"]
[White "Ancion, Merowig"]
[Black "Magis, Pierre"]
[Result "1-0"]
[WhiteElo "1903"]
[BlackElo "1636"]
[PlyCount "59"]
[EventDate "2011.??.??"]

1. e4 c5 2. Nf3 d6 3. c3 Nf6 4. e5 dxe5 5. Nxe5 a6 6. g3 g6 7. Bg2 Bg7 8. O-O
O-O 9. d4 cxd4 10. cxd4 Nd5 11. Nc3 e6 12. Ne4 Nc6 13. Nxc6 bxc6 14. b3 Bb7 15.
Ba3 Re8 16. Rc1 Qa5 17. Bc5 Red8 18. Nd6 Rab8 19. Bxd5 cxd5 20. Ba7 Rxd6 21.
Bxb8 Rd7 22. Rc2 Qb4 23. Ba7 a5 24. Qd3 Bf8 25. Rfc1 Kg7 26. Bc5 Bxc5 27. Rxc5
Qb6 28. Qb5 Qd8 29. Qxa5 Qg5 30. Qe1 1-0

[Event "Lalevitch 2011"]
[Site "CRELEL"]
[Date "2011.10.21"]
[Round "6"]
[White "Cristino, Gregory"]
[Black "Magis, Pierre"]
[Result "1-0"]
[WhiteElo "1394"]
[BlackElo "1636"]
[PlyCount "88"]
[EventDate "2011.??.??"]

1. e4 c5 2. c3 d6 3. d4 cxd4 4. cxd4 Nf6 5. Nc3 a6 6. Be2 e6 7. Nf3 Be7 8. O-O
O-O 9. Re1 Nbd7 10. e5 Nd5 11. Nxd5 exd5 12. Bd3 Nb6 13. h3 Be6 14. Bd2 Nc4 15.
Bc3 Rc8 16. Qc2 g6 17. Rac1 b5 18. b3 Na5 19. Qd2 Nc6 20. Qh6 Re8 21. Bd2 Bf8
22. Qf4 dxe5 23. dxe5 Bg7 24. Bc3 Qe7 25. Nd4 Nxd4 26. Bxd4 Qa3 27. Qd2 Qe7 28.
Rcd1 Rc6 29. Rc1 Rec8 30. Rxc6 Rxc6 31. b4 Qh4 32. f4 Bh6 33. Rf1 Qd8 34. Bc5
Qc7 35. Qf2 Bg7 36. g4 Qd7 37. Re1 f6 38. f5 gxf5 39. gxf5 fxe5 40. fxe6 Qxe6
41. Qf5 Qh6 42. Rf1 Rg6+ 43. Kh2 Rc6 44. Qf7+ Kh8 1-0

[Event "Lalevitch 2011"]
[Site "CRELEL"]
[Date "2011.10.28"]
[Round "7"]
[White "Champt, Victor"]
[Black "Mahiels, Bruno"]
[Result "0-1"]
[WhiteElo "1576"]
[BlackElo "1713"]
[PlyCount "72"]
[EventDate "2011.??.??"]

1. e4 e5 2. Nf3 Nc6 3. Bb5 a6 4. Ba4 Nf6 5. O-O Be7 6. Re1 b5 7. Bb3 d6 8. c3
Bg4 9. Bd5 Nxd5 10. exd5 Nb8 11. d3 O-O 12. Be3 f5 13. Bc1 Nd7 14. h3 Bh5 15.
Nbd2 Nc5 16. Qc2 e4 17. dxe4 fxe4 18. Nd4 Bh4 19. g3 Qf6 20. Nxe4 Nxe4 21. Rxe4
Bxg3 22. f4 Bg6 23. Ne2 Bxe4 24. Qxe4 Rae8 25. Qf3 Bh4 26. Bd2 Qg6+ 27. Kh1 Qc2
28. Be1 Rxe2 29. Bxh4 Rh2+ 30. Kg1 Rxf4 31. Qg3 Rff2 32. Qxf2 Rxf2 33. Bxf2
Qxb2 34. Re1 Qxa2 35. Bd4 Qxd5 36. Re7 Qg5+ 0-1

[Event "Lalevitch 2011"]
[Site "CRELEL"]
[Date "2011.12.02"]
[Round "9"]
[White "Delcour, Errol"]
[Black "Mahiels, Bruno"]
[Result "0-1"]
[WhiteElo "1779"]
[BlackElo "1713"]
[PlyCount "58"]
[EventDate "2011.??.??"]

1. e4 e5 2. Nf3 Nc6 3. Bb5 a6 4. Ba4 Nf6 5. O-O Be7 6. Re1 b5 7. Bb3 d6 8. c3
O-O 9. h3 Na5 10. Bc2 c5 11. d4 Nd7 12. Nbd2 exd4 13. cxd4 Nc6 14. d5 Nce5 15.
Nxe5 Nxe5 16. f4 Ng6 17. Nf3 Bh4 18. Rf1 Bg3 19. Nh2 f5 20. Rf3 Qh4 21. Nf1
Bxf4 22. g3 Bxg3 23. Nxg3 Ne5 24. Nxf5 Nxf3+ 25. Qxf3 Qe1+ 26. Kh2 Bxf5 27.
exf5 Rae8 28. Bd1 Re5 29. Qh1 Qxh1+ 0-1

[Event "Lalevitch 2011"]
[Site "CRELEL"]
[Date "2011.10.14"]
[Round "5"]
[White "Sferruggia, Serge"]
[Black "Mahiels, Bruno"]
[Result "1/2-1/2"]
[WhiteElo "1534"]
[BlackElo "1713"]
[PlyCount "66"]
[EventDate "2011.??.??"]

1. e4 e5 2. Bc4 Nc6 3. Nc3 Bc5 4. Nge2 Nf6 5. O-O h5 6. Ng3 d6 7. d3 Ng4 8. Qf3
Be6 9. Nf5 Qf6 10. Nd5 Bxd5 11. Bxd5 g6 12. d4 exd4 13. Qb3 Bb6 14. Ng3 d3 15.
Be3 Qh4 16. Bxf7+ Kd8 17. Rfe1 Qxh2+ 18. Kf1 Nxe3+ 19. Rxe3 Bxe3 20. Qxb7 Kd7
21. Bd5 Ne7 22. Qb5+ Kd8 23. Be6 Nc6 24. Qxc6 Ke7 25. Qd7+ Kf6 26. Qf7+ Kg5 27.
Qe7+ Kh6 28. Nf5+ gxf5 29. Qf6+ Kh7 30. Bxf5+ Kg8 31. Qe6+ Kf8 32. Qf6+ Kg8 33.
Be6+ Kh7 1/2-1/2

[Event "Lalevitch 2011"]
[Site "CRELEL"]
[Date "2011.12.02"]
[Round "9"]
[White "Champt, Victor"]
[Black "Marchal, Georges"]
[Result "0-1"]
[WhiteElo "1576"]
[BlackElo "1424"]
[PlyCount "138"]
[EventDate "2011.??.??"]

1. e4 Nf6 2. e5 Nd5 3. d4 d6 4. Nf3 Nc6 5. Be2 g6 6. O-O dxe5 7. dxe5 Bg7 8.
Bc4 Nb6 9. Qxd8+ Nxd8 10. Bb3 Be6 11. Bxe6 Nxe6 12. Nc3 O-O 13. Re1 Rad8 14.
Rb1 Nd5 15. Nxd5 Rxd5 16. b4 Nd4 17. Nxd4 Rxd4 18. f4 Rfd8 19. Be3 Rc4 20. Re2
e6 21. g3 f6 22. exf6 Bxf6 23. Kf1 Kf7 24. Kf2 Bd4 25. a3 Bxe3+ 26. Kxe3 Rc3+
27. Kf2 Rxa3 28. b5 Rd6 29. Rb2 b6 30. c4 a5 31. bxa6 Rxa6 32. Rec2 c5 33. Ke2
Rd4 34. Rc3 Kf6 35. Kf3 e5 36. fxe5+ Kxe5 37. Re2+ Kf6 38. Rb2 h6 39. h3 h5 40.
Ke3 Ke5 41. Kf3 g5 42. Re2+ Kf5 43. Rb2 Ra4 44. Rbc2 Rb4 45. Kg2 Ke5 46. Kf3
Re4 47. Kf2 Kd4 48. Kf3 Re1 49. Kf2 Rbb1 50. Ra3 Rf1+ 51. Kg2 Rfd1 52. Kf2 Rd3
53. Ra4 Rc3 54. Rd2+ Rd3 55. Rc2 Rbb3 56. Ra8 Rf3+ 57. Ke2 Rbe3+ 58. Kd2 Rf2+
59. Kc1 Rxc2+ 60. Kxc2 Kxc4 61. Rh8 b5 62. Rxh5 Rxg3 63. h4 Rg2+ 64. Kb1 Kb3
65. Kc1 gxh4 66. Rxh4 c4 67. Rh3+ c3 68. Kd1 b4 69. Rf3 Kb2 0-1

[Event "Lalevitch 2011"]
[Site "CRELEL"]
[Date "2011.09.16"]
[Round "2"]
[White "Depaz, Charles-Eric"]
[Black "Marchal, Georges"]
[Result "1-0"]
[WhiteElo "1150"]
[BlackElo "1424"]
[PlyCount "81"]
[EventDate "2011.??.??"]

1. e4 e5 2. Nf3 Nc6 3. Bc4 Nf6 4. d3 Be7 5. Nc3 d6 6. h3 O-O 7. O-O Na5 8. Bb3
b6 9. Bg5 c6 10. Re1 Nb7 11. a3 Nc5 12. Ba2 Be6 13. b4 Bxa2 14. Rxa2 Ne6 15.
Bh4 h6 16. d4 Nd7 17. Bxe7 Qxe7 18. d5 Nd8 19. dxc6 Nxc6 20. Nd5 Qd8 21. c3 Nf6
22. Nxf6+ Qxf6 23. Qd5 Ne7 24. Qb5 Rac8 25. Rc2 Ng6 26. Rd1 Nf4 27. Qd7 Qg6 28.
g3 Qxe4 29. Ne1 Ne2+ 30. Kf1 Nxc3 31. f3 Qc4+ 32. Rd3 Rc7 33. Qxd6 e4 34. Rcxc3
Qxc3 35. Rxc3 Rxc3 36. fxe4 Rxa3 37. Kf2 Re8 38. Qc6 Re6 39. Qd5 Rf6+ 40. Kg2
Ra2+ 41. Qxa2 1-0

[Event "Lalevitch 2011"]
[Site "CRELEL"]
[Date "2011.10.21"]
[Round "6"]
[White "Hardy, Roger"]
[Black "Marchal, Georges"]
[Result "0-1"]
[WhiteElo "1223"]
[BlackElo "1424"]
[PlyCount "66"]
[EventDate "2011.??.??"]

1. e4 Nf6 2. e5 Nd5 3. c4 Nb6 4. d4 d6 5. Nf3 g6 6. e6 Bxe6 7. d5 Bf5 8. Bd3
Bg4 9. h3 Bd7 10. Nc3 c6 11. dxc6 Bxc6 12. O-O Bg7 13. Re1 N8d7 14. Bf4 O-O 15.
Qd2 Bxf3 16. gxf3 Ne5 17. Be2 Nexc4 18. Bxc4 Nxc4 19. Qc2 Rc8 20. Rab1 e6 21.
Rbd1 Qb6 22. Rb1 Ne5 23. Kg2 d5 24. Qb3 Qxb3 25. axb3 Nd3 26. Bd6 Rfd8 27. Be7
Re8 28. Red1 Nxb2 29. Rxb2 Bxc3 30. Rc2 Rxe7 31. Rdc1 Rec7 32. Kf1 Be5 33. Rxc7
Rxc7 0-1